| 000 | 01449nam a2200229 4500 | ||
|---|---|---|---|
| 999 |
_c61316 _d61316 |
||
| 003 | Ge_BSU | ||
| 005 | 20240514103058.0 | ||
| 008 | 240206s2001 ge ||||| |||| 00| 0 geo d | ||
| 041 | _ageo | ||
| 080 | _a615.31(075.8) თ–49 | ||
| 245 |
_aთერაპიული სტომატოლოგია : _bსახელმძღვანელო / _c ე.ვ.ბოროვსკი, ი.დ.ბარიშევა, ი.მ.მაქსიმოვსკი და სხვ.; მთარგმნელი ხ.გაბიტაშვილი; რედაქტორი ე.ვ.ბოროვსკი; თარგმანის რედაქტორი ლ.ჭელიძე. |
||
| 264 |
_aთბილისი : _bმთაწმინდელი, _c2001. |
||
| 300 |
_a463 გვ.: _bილ.,სურ.; _c22 სმ. |
||
| 653 | _aთერაპიული სტომატოლოგია | ||
| 653 | _aმედიცინა | ||
| 700 |
_a.ბოროვსკი, ე.ვ. _eავტორი _921198 |
||
| 700 |
_aბარიშევა, ი.დ. _eავტორი _921199 |
||
| 700 |
_aმაქსიმოვსკი, ი.მ. და სხვ. _921200 _eავტორი |
||
| 700 |
_aბოროვსკი, ე.ვ. _eრედაქტორი _921201 |
||
| 700 |
_aჭელიძე, ლ. _eთარგმანის რედაქტორი _921202 |
||
| 942 |
_2udc _cᲬᲘᲒᲜᲘ |
||